000 005520000a22001810004500
090 _aAR
_b02838
245 1 0 _aEcological principles for the design of wildlife corridors
650 1 4 _aFauna silvestre
_992225
650 1 4 _aCorredores ecológicos
_975249
650 1 4 _aMarsupiales
_994471
650 1 4 _aMovilidad animal
_996238
651 4 _dVictoria
_pAustralia
_992749
041 0 _aInglés
700 1 _aNix, Henry A.
_996263
100 1 _aLindenmayer, David B.
_996264
942 _cARTICULO
773 1 _tConservation Biology
_324
_h3
_q627-685
_d1993
_g7
999 _c11898
_d11898